000 00313nam a22001457a 4500
008 210224b ||||| |||| 00| 0 eng d
020 _a9781121903975
041 _aeng
080 _25th
_a004
082 _a004
100 _a28
101 _aSHKI
245 _aSPSS Survival Manual
_cPallant
942 _2udc
_cBK
999 _c55161
_d55161